|
|
|
|
| LEADER |
00000nam a2200000Ia 4500 |
| 008 |
160209b1997 ck ||||| |||| 00| | spa d |
| 020 |
|
|
|a 9582000570
|
| 090 |
|
|
|a 06.02.01
|b 1872
|
| 100 |
1 |
|
|a Gallego-Badillo, Rómulo
|9 1463
|
| 245 |
1 |
0 |
|a Saber pedagógico: una visión alternativa /
|c Rómulo Gallego-Badillo
|
| 260 |
|
|
|a Bogotá :
|b Cooperativa Editorial Magisterio,
|c 1997
|
| 300 |
|
|
|a 142 páginas
|
| 490 |
|
|
|a Colección Mesa Redonda
|
| 650 |
1 |
4 |
|a EDUCACIÓN
|9 1
|
| 650 |
1 |
4 |
|a INVESTIGACIÓN EDUCATIVA
|9 326
|
| 650 |
1 |
4 |
|9 499
|a PRÁCTICA PEDAGÓGICA
|
| 942 |
|
|
|i 002686
|h 06.02.01 1872
|2 z
|c 01
|
| 999 |
|
|
|c 369
|d 369
|